=LDR 00000nam 2200000 4500 =001 INLIS000000000006254 =005 20130612094416 =008 ***********************************Ind** =035 ##$$0010-061300000006254 =041 ##$$a Ind =082 ##$$a 005.369 =090 ##$$a 005.369 Ley m =100 ##$$a Leylan, Thas =245 ##$$a Menyusun aplikasi dengan clipper/Thas Leylan; alih bahasa Rohandes =260 ##$$a 1996 $b Jakarta =650 ##$$a Komputer =700 ##$$a Rohandes =850 ##$$a NBPNMAT